Aplique el dbase iii plus /

Guardado en:
Autor Principal: Jones, Edward
Formato: Libro
Publicado: España : Osborne/mcgraw-hill, 1990
Materias:
Etiquetas: Agregar Etiqueta
Sin Etiquetas, Sea el primero en etiquetar este registro!
LEADER 00514nam a22001935a 4500
001 CEM.cems003509
005 19000101000000.0
008 130507s1990##################000#0#####d
003 CEMS
082 0 4 |a 001.6425 
100 1 |a Jones, Edward 
245 1 0 |a Aplique el dbase iii plus / 
260 |a España :  |b Osborne/mcgraw-hill,  |c 1990 
300 |a 483 p. 
653 |a Computacion 
653 |a Dbase 
653 |a Dbase iii plus 
653 |a Software 
859 |a CEMS  |b BIB. CEMS - 11 de abril  |h 001.6425  |i J714-1  |p 15868.90  |t Ej.1